000 00869cam a2200241 a 4500
005 20240113063630.0
008 190315s2009 mx o fr 000 0 spa d
020 _a9786077879015
035 _aUPN01000229675
040 _aMX-MxUPN
_bspa
_cMX-MxUPN
049 _aSEP
050 _aL227 D3.8
_bB5 2009
110 1 _928016
_aMéxico.
_bDirección General de Educación Indígena
245 1 0 _aLineamientos de la educación inicial indígena /
_cDirección General de Educación Indígena
260 _aMéxico :
_bSEP, Dirección General de Educación Indígena,
_c2009.
300 _a78 p. :
_bfot. col.
650 4 _aIndígenas de México
_xEducación
_910
650 4 _aIndígenas de México
_xLeyes y legislación
_zMEXICO
_95521
650 4 _aEducación de la primera infancia
_zMéxico
_922990
905 _aLibro
942 _2lcc
_cLIBRO
999 _c201770
_d201770